<?xml version="1.0" encoding="UTF-8"?>
<record
    xmlns:xsi="http://www.w3.org/2001/XMLSchema-instance"
    xsi:schemaLocation="http://www.loc.gov/MARC21/slim http://www.loc.gov/standards/marcxml/schema/MARC21slim.xsd"
    xmlns="http://www.loc.gov/MARC21/slim">

  <leader>00335nam a2200133Ia 4500</leader>
  <controlfield tag="008">191201s2018    xx            000 0 und d</controlfield>
  <datafield tag="082" ind1=" " ind2=" ">
    <subfield code="a">615.1 PAH</subfield>
  </datafield>
  <datafield tag="100" ind1=" " ind2=" ">
    <subfield code="a">PARMAR, NS</subfield>
  </datafield>
  <datafield tag="245" ind1=" " ind2="0">
    <subfield code="a">Health Education and Community Pharmacy</subfield>
  </datafield>
  <datafield tag="260" ind1=" " ind2=" ">
    <subfield code="b">CBS Pub</subfield>
    <subfield code="a">New Delhi</subfield>
    <subfield code="c">2018</subfield>
  </datafield>
  <datafield tag="300" ind1=" " ind2=" ">
    <subfield code="a">308</subfield>
  </datafield>
  <datafield tag="650" ind1=" " ind2=" ">
    <subfield code="a">Community Pharmacy</subfield>
  </datafield>
  <datafield tag="942" ind1=" " ind2=" ">
    <subfield code="2">ddc</subfield>
    <subfield code="c">BK</subfield>
  </datafield>
  <datafield tag="999" ind1=" " ind2=" ">
    <subfield code="c">8218</subfield>
    <subfield code="d">8218</subfield>
  </datafield>
  <datafield tag="952" ind1=" " ind2=" ">
    <subfield code="0">0</subfield>
    <subfield code="1">0</subfield>
    <subfield code="2">ddc</subfield>
    <subfield code="4">0</subfield>
    <subfield code="7">0</subfield>
    <subfield code="8">DP</subfield>
    <subfield code="a">PIET</subfield>
    <subfield code="b">PIET</subfield>
    <subfield code="d">2019-03-25</subfield>
    <subfield code="e">Kirti Prakashan</subfield>
    <subfield code="g">350.00</subfield>
    <subfield code="k">IN 3049</subfield>
    <subfield code="l">2</subfield>
    <subfield code="o">615.1 PAH</subfield>
    <subfield code="p">DP91</subfield>
    <subfield code="r">2021-04-06 00:00:00</subfield>
    <subfield code="s">2021-03-23</subfield>
    <subfield code="v">225.75</subfield>
    <subfield code="w">2019-03-08</subfield>
    <subfield code="y">BK</subfield>
  </datafield>
  <datafield tag="952" ind1=" " ind2=" ">
    <subfield code="0">0</subfield>
    <subfield code="1">0</subfield>
    <subfield code="2">ddc</subfield>
    <subfield code="4">0</subfield>
    <subfield code="7">0</subfield>
    <subfield code="8">DP</subfield>
    <subfield code="a">PIET</subfield>
    <subfield code="b">PIET</subfield>
    <subfield code="d">2019-03-25</subfield>
    <subfield code="e">Kirti Prakashan</subfield>
    <subfield code="g">350.00</subfield>
    <subfield code="k">IN 3049</subfield>
    <subfield code="l">1</subfield>
    <subfield code="o">615.1 PAH</subfield>
    <subfield code="p">DP92</subfield>
    <subfield code="q">2021-10-22</subfield>
    <subfield code="r">2021-10-08 00:00:00</subfield>
    <subfield code="s">2021-10-08</subfield>
    <subfield code="v">225.75</subfield>
    <subfield code="w">2019-03-08</subfield>
    <subfield code="y">BK</subfield>
  </datafield>
  <datafield tag="952" ind1=" " ind2=" ">
    <subfield code="0">0</subfield>
    <subfield code="1">0</subfield>
    <subfield code="2">ddc</subfield>
    <subfield code="4">0</subfield>
    <subfield code="7">0</subfield>
    <subfield code="8">DP</subfield>
    <subfield code="a">PIET</subfield>
    <subfield code="b">PIET</subfield>
    <subfield code="c">R05</subfield>
    <subfield code="d">2019-03-25</subfield>
    <subfield code="e">Kirti Prakashan</subfield>
    <subfield code="g">350.00</subfield>
    <subfield code="k">IN 3049</subfield>
    <subfield code="l">1</subfield>
    <subfield code="o">615.1 PAH</subfield>
    <subfield code="p">DP93</subfield>
    <subfield code="r">2020-07-24 00:00:00</subfield>
    <subfield code="s">2020-03-16</subfield>
    <subfield code="v">225.75</subfield>
    <subfield code="w">2019-03-08</subfield>
    <subfield code="y">REF</subfield>
  </datafield>
  <datafield tag="952" ind1=" " ind2=" ">
    <subfield code="0">0</subfield>
    <subfield code="1">0</subfield>
    <subfield code="2">ddc</subfield>
    <subfield code="4">0</subfield>
    <subfield code="7">0</subfield>
    <subfield code="8">DP</subfield>
    <subfield code="a">PIET</subfield>
    <subfield code="b">PIET</subfield>
    <subfield code="d">2025-03-31</subfield>
    <subfield code="f">Rs</subfield>
    <subfield code="g">425.00</subfield>
    <subfield code="k">ZBDO600</subfield>
    <subfield code="l">0</subfield>
    <subfield code="o">615.1 PAH</subfield>
    <subfield code="p">DP1409</subfield>
    <subfield code="r">2025-04-05 00:00:00</subfield>
    <subfield code="v">276.25</subfield>
    <subfield code="w">2025-03-31</subfield>
    <subfield code="y">BK</subfield>
  </datafield>
  <datafield tag="952" ind1=" " ind2=" ">
    <subfield code="0">0</subfield>
    <subfield code="1">0</subfield>
    <subfield code="2">ddc</subfield>
    <subfield code="4">0</subfield>
    <subfield code="7">0</subfield>
    <subfield code="8">DP</subfield>
    <subfield code="a">PIET</subfield>
    <subfield code="b">PIET</subfield>
    <subfield code="d">2025-03-31</subfield>
    <subfield code="f">Rs</subfield>
    <subfield code="g">425.00</subfield>
    <subfield code="k">ZBDO600</subfield>
    <subfield code="l">0</subfield>
    <subfield code="o">615.1 PAH</subfield>
    <subfield code="p">DP1410</subfield>
    <subfield code="r">2025-04-05 00:00:00</subfield>
    <subfield code="v">276.25</subfield>
    <subfield code="w">2025-03-31</subfield>
    <subfield code="y">BK</subfield>
  </datafield>
  <datafield tag="952" ind1=" " ind2=" ">
    <subfield code="0">0</subfield>
    <subfield code="1">0</subfield>
    <subfield code="2">ddc</subfield>
    <subfield code="4">0</subfield>
    <subfield code="7">0</subfield>
    <subfield code="8">DP</subfield>
    <subfield code="a">PIET</subfield>
    <subfield code="b">PIET</subfield>
    <subfield code="d">2025-03-31</subfield>
    <subfield code="f">Rs</subfield>
    <subfield code="g">425.00</subfield>
    <subfield code="k">ZBDO600</subfield>
    <subfield code="l">0</subfield>
    <subfield code="o">615.1 PAH</subfield>
    <subfield code="p">DP1411</subfield>
    <subfield code="r">2025-04-05 00:00:00</subfield>
    <subfield code="v">276.25</subfield>
    <subfield code="w">2025-03-31</subfield>
    <subfield code="y">BK</subfield>
  </datafield>
</record>
